000 00487nam a2200181Ia 4500
005 20250326143732.0
008 250326s9999 xx 000 0 und d
020 _a1-56327-221-0
037 _aTextbook
040 _aFMSL
_beng
_cFMSL
041 _aeng
_2eng
084 _aX:89Q P4
_qFMSL
245 0 _aOEE for operators: overall equipment efectiveness
260 _aNY
_bNY, Productivity
_c2004
300 _a63p
942 _cTB
_hX:89Q P4
999 _c1300797
_d1300797